| 000 | 00653nam a22002177a 4500 | ||
|---|---|---|---|
| 999 |
_c8142 _d8142 |
||
| 003 | AR-CdUCM | ||
| 008 | 190322b ||||| |||| 00| 0 spa d | ||
| 020 | _a84-7060-611-5 | ||
| 040 |
_aMUNICIPALIDAD PROVINCIAL DEL CUSCO _cBIBLIOTECA MUNICIPAL DEL CUSCO |
||
| 082 |
_a708 / _bM98 |
||
| 245 | _aMuseo del Prado / | ||
| 260 |
_aBarcelona : _bDanae, _c1974. |
||
| 300 |
_a238 paginas ; _bIlustraciones, _c31 cm. |
||
| 505 | _aContenido :Museo del prado / | ||
| 650 |
_aMuseos de arte _922933 |
||
| 650 |
_aCatálogos _95399 |
||
| 650 |
_aEspaña _9176 |
||
| 700 |
_aAlfonso Perez Sanchez (subdirector) _922982 |
||
| 942 |
_2ddc _cLIBROS |
||
| 945 | _arjall | ||